003970000a2200109000450024500800000050000300008065000160011065000270012665000260015304100130017977300950019210aEnvironmental aspects: relevant to the trade in plastic and rubber products a<>14aBiocomercio14aComercio internacional14aEstandares de calidad0 aInglés1 tEnvironmental quick scan plastic and rubber products/1998. Rotterdam: CBI31448q1-5d1998